Statistics for Isaac Asimov Bibliography

Click here to take the quiz!

General Stats

  • This quiz has been taken 7 times
  • The average score is 12 of 451

Answer Stats

TypeYearName% Correct
Short Story1978Found!
100%
Short Story Collection1951Foundation
100%
Novelette1942The Encyclopedists
100%
Novella1979I, Robot
86%
Short Story Collection1950I, Robot
86%
Short Story Collection1953Second Foundation
71%
Novella1991Forward the Foundation
57%
Novel1993Forward the Foundation
57%
Short Story Collection1952Foundation and Empire
57%
Novel1963Foundation and Empire
57%
Novel1986Foundation and Earth
43%
Novel1982Foundation's Edge
43%
Novel1988Prelude to Foundation
43%
Novel1985Robots and Empire
29%
Novelette1976The Bicentennial Man
29%
Novel1954The Caves of Steel
29%
Novel1955The End of Eternity
29%
Novel1983The Robots of Dawn
29%
Novel1951The Stars, Like Dust
29%
Novel1989Nemesis
14%
Novelette1941Nightfall
14%
Novel1990Nightfall
14%
Short Story1958Spell My Name with an S
14%
Short Story Collection1982The Complete Robot
14%
Novel1972The Gods Themselves
14%
Short Story1956The Last Question
14%
Novel1957The Naked Sun
14%
Short Story Collection1964The Rest of the Robots
14%
Short Story19811 to 999
0%
Short Story19702430 A.D.
0%
Short Story Collection19813 by Asimov: Three Science Fiction Tales
0%
Short Story1975About Nothing
0%
Short Story1975A Boy's Best Friend
0%
Short Story1975A Case of Need
0%
Short Story1980A Clear Shot
0%
Poetry Collection1981A Grossery of Limericks
0%
Short Story1995Alexander the God
0%
Short Story1958All the Troubles of the World
0%
Short Story1957A Loint of Paw
0%
Short Story1984A Matter of Principle
0%
Short Story1983A Monday in April
0%
Novella1949... and Now You Don't
0%
Short Story1959Anniversary
0%
Short Story1981A Perfect Fit
0%
Short Story1970A Problem of Numbers
0%
Short Story1959A Statue for Father
0%
Short Story Collection1968Astimov's Mysteries
0%
Novelette1964Author! Author!
0%
Short Story1957A Woman's Heart
0%
Short Story Collection1988Azazel
0%
Short Story1991Baby, It's Cold Outside
0%
Short Story Collection1984Banquets of the Black Widowers
0%
Short Story1995Battle-Hymn
0%
Novelette1953Belief
0%
Short Story1974Benjamin's Bicentennial Blast
0%
Short Story1974Benjamin's Dream
0%
Short Story1974Big Game
0%
Short Story1976Birth of a Nation
0%
Novelette1942Black Friar of the Flame
0%
Short Story1957Blank!
0%
Short Story1945Blind Alley
0%
Novelette1951Breeds There a Man ... ?
0%
Short Story1986Burnside in the Courts
0%
Short Story2018But I, Too, Am a Robot
0%
Short Story1953Button, Button
0%
Short Story1958Buy Jupiter!
0%
Short Story Collection1975Buy Jupiter and Other Stories
0%
Novelette1990Cal
0%
Short Story1981Can You Prove It?
0%
Short Story Collection1980Casebook of the Black Widowers
0%
Short Story1982Catching the Fox
0%
Short Story1944Catch That Rabbit
0%
Novel1991Child of Time
0%
Short Story1942Christmas on Ganymede
0%
Short Story1988Christmas Without Rodney
0%
Novella1992Cleon the Emperor
0%
Short Story1950Darwinian Pool Room
0%
Short Story1984Dashing Through the Snow
0%
Children's Novel1952David Starr, Space Ranger
0%
Short Story1950Day of the Hunters
0%
Novella1945Dead Hand
0%
Short Story1980Death of a Foy
0%
Short Story1943Death Sentence
0%
Short Story1957Does a Bee Care?
0%
Short Story1982Dollars and Cents
0%
Short Story1955Dreaming Is a Private Thing
0%
Short Story1955Dreamworld
0%
Short Story1956Each an Explorer
0%
Short Story1973Early Sunday Morning
0%
Short Story Collection1957Earth Is Room Enough
0%
Short Story1975Earthset and Evening Star
0%
Short Story Collection1966Eight Stories from The Rest of the Robots
0%
Short Story1945Escape!
0%
Short Story1953Everest
0%
Novelette1946Evidence
0%
Short Story1968Exile to Hell
0%
Short Story1965Eyes Do More Than See
0%
Short Story1978Fair Exchange?
0%
Novel1966Fantastic Voyage
0%
Novel1987Fantastic Voyage II: Destination Brain
0%
Short Story1990Fault-Intolerant
0%
Short Story1986Feghoot and the Courts
0%
Novelette1969Feminine Intuition
0%
Short Story1956First Law
0%
Short Story1953Flies
0%
Short Story1988Flight of Fancy
0%
Short Story1980For the Birds
0%
Short Story1965Founding Father
0%
Short Story1955Franchise
0%
Short Story1975Friday the Thirteenth
0%
Short Story1982Friends and Allies
0%
Short Story1991Frustration
0%
Short Story1987Galatea
0%
Novelette1957Galley Slave
0%
Short Story1980Getting Even
0%
Short Story1982Getting the Combination
0%
Short Story1981Gift
0%
Short Story1956Gimmicks Three
0%
Novelette1991Gold
0%
Writings Collection1995Gold: The Final Science Fiction Collection
0%
Short Story1972Go, Little Book!
0%
Short Story1989Good-bye to Earth
0%
Novelette1976Good Taste
0%
Short Story1950Green Patches
0%
Novel1986Grow Old Along with Me
0%
Short Story1982Half a Ghost
0%
Short Story1974Half-Baked Publisher's Delight
0%
Novelette1940Half-Breed
0%
Novelette1940Half-Breeds on Venus
0%
Short Story1975Halloween
0%
Novelette1985Hallucination
0%
Short Story Collection1974Have You Seen These?
0%
Novella1975Heavenly Host
0%
Short Story1956Hell-Fire
0%
Novelette1941Heredity
0%
Short Story1985He Travels the Fastest
0%
Short Story1981He Wasn't There
0%
Short Story1981Hide and Seek
0%
Short Story1941History
0%
Short Story1940Homo Sol
0%
Novelette1951Hostess
0%
Short Story1981Hot or Cold
0%
Short Story1979How It Happened
0%
Novelette1957Ideas Die Hard
0%
Short Story1981Ignition Point!
0%
Short Story1988I Love Little Pussy
0%
Short Story1957I'm in Marsport Without Hilda
0%
Novelette1951In a Good Cause-
0%
Short Story1957Insert Knob A in Hole B
0%
Short Story1990In the Canyon
0%
Short Story1979Irrelevance!
0%
Short Story1981Irresistible to Women
0%
Humor Book1971Isaac Asimov's Treasury of Humor
0%
Short Story1979It Is Coming
0%
Short Story1991It's a Job
0%
Novelette1955It's Such a Beautiful Day
0%
Short Story1956Jokester
0%
Short Story1968Key Item
0%
Short Story1990Kid Brother
0%
Short Story1953Kid Stuff
0%
Novelette1958Lastborn
0%
Poetry Collection1975Lecherous Limericks
0%
Short Story1987Left to Right
0%
Short Story1987Left to Right, and Beyond
0%
Novelette1950Legal Rites
0%
Short Story1958Lenny
0%
Novelette1982Lest We Remember
0%
Short Story1957Let's Get Together
0%
Short Story1954Let's Not
0%
Short Story1941Liar!
0%
Short Story1973Light Verse
0%
Poetry Collection1978Limericks
0%
Novelette1947Little Lost Robot
0%
Short Story1956Living Space
0%
Short Story1985Logic Is Logic
0%
Short Story1990Lost in a Space Warp
0%
Short Story1982Lucky Seven
0%
Children's Novel1956Lucky Starr and the Big Sun of Mercury
0%
Children's Novel1957Lucky Starr and the Moons of Jupiter
0%
Children's Novel1954Lucky Starr and the Oceans of Venus
0%
Children's Novel1953Lucky Starr and the Pirates of the Asteroids
0%
Children's Novel1958Lucky Starr and the Rings of Saturn
0%
Writings Collection1996Magic: The Final Fantasy Collection
0%
Short Story1994March Against the Foe
0%
Short Story1976Marching In
0%
Short Story1939Marooned Off Vesta
0%
Short Story1980Middle Name
0%
Short Story1972Mirror Image
0%
Short Story1973Miss What?
0%
Poetry Collection1976More Lecherous Limericks
0%
Short Story Collection1976More Tales of the Black Widowers
0%
Short Story1986More Things in Heaven and Earth
0%
Novelette1949Mother Earth
0%
Novel1976Murder at the ABA
0%
Short Story1962My Son, the Physicist!
0%
Short Story1981Mystery Tune
0%
Short Story1984Neither Brute Nor Human
0%
Short Story1983Never Out of Sight
0%
Short Story Collection1969Nightfall and Other Stories
0%
Short Story Collection1959Nine Tomorrows
0%
Short Story1953Nobody Here But-
0%
Short Story1948No Connection
0%
Short Story1979None So Blind
0%
Novel1991Norby and the Court Jester
0%
Novel1985Norby and the Invaders
0%
Novel1985Norby and the Lost Princess
0%
Novel1990Norby and the Oldest Dragon
0%
Novel1986Norby and the Queen's Necklace
0%
Novel1989Norby and Yobo's Great Adventure
0%
Novel1988Norby Down to Earth
0%
Novel1987Norby Finds a Villain
0%
Novel1984Norby's Other Secret
0%
Novel1983Norby, the Mixed-Up Robot
0%
Short Story1980No Refuge Could Save
0%
Short Story1989Northwestward
0%
Short Story1974No Smoking
0%
Short Story1941Not Final!
0%
Short Story1979Nothing for Nothing
0%
Short Story1974Nothing Like Murder
0%
Short Story1983Nothing Might Happen
0%
Novella1948Now You See It ...
0%
Short Story1959Obituary
0%
Short Story1976Old-Fashioned
0%
Short Story1982One Night of Song
0%
Short Story1973Out of Sight
0%
Short Story1974Party by Satellite
0%
Short Story1956Pâté de Foie Gras
0%
Novel1950Pebble in the Sky
0%
Short Story1972Ph As in Phony
0%
Short Story1975Point of View
0%
Short Story1990Police at the Door
0%
Short Story1983Potential
0%
Short Story1991Prince Delightful and the Flameless Dragon
0%
Novella1957Profession
0%
Short Story Collection1990Puzzles of the Black Widowers
0%
Short Story1974Quicker Than the Eye
0%
Short Story1959Rain, Rain, Go Away
0%
Short Story1941Reason
0%
Short Story1940Ring Around the Sun
0%
Novelette1955Risk
0%
Short Story1950Robbie
0%
Short Story1942Robot AL-76 Goes Astray
0%
Short Story1986Robot Dreams
0%
Short Story Collection1986Robot Dreams
0%
Short Story1990Robot Visions
0%
Writings Collection1990Robot Visions
0%
Novelette1942Runaround
0%
Short Story1953Sally
0%
Short Story1975Santa Claus Gets a Coin
0%
Short Story1975Sarah Tops
0%
Short Story1951Satisfaction Guaranteed
0%
Short Story1983Saving Humanity
0%
Short Story Collection1986Science Fiction by Asimov
0%
Short Story1976Season's Greetings!
0%
Short Story1980Second Best
0%
Short Story1967Segregationist
0%
Short Story1982Sending a Signal
0%
Short Story1951Shah Guido G.
0%
Short Story1950Short Story
0%
Short Story1958Silly Asses
0%
Short Story1980Sixty Million Trillion Combinations
0%
Short Story1956Someday
0%
Short Story1982Spell It!
0%
Short Story1989Star Empire
0%
Short Story1962Star Light
0%
Short Story Collection1977Still More Lecherous Limericks
0%
Novelette1974Stranger in Paradise
0%
Short Story1979Strike!
0%
Short Story1957Strikebreaker
0%
Novella1954Sucker Bait
0%
Short Story1986Sunset on the Water
0%
Short Story1941Super-Neutron
0%
Short Story1977Sure Thing
0%
Short Story1972Take a Match
0%
Short Story Collection1974Tales of the Black Widowers
0%
Short Story1981Testing, Testing!
0%
Novelette1974- That Thou Art Mindful of Him!
0%
Short Story1972The Acquisitive Chuckle
0%
Short Story1989The Alibi
0%
Writings Collection1986The Alternate Asimov
0%
Short Story1981The Appleby Story
0%
Short Story1979The Backward Look
0%
Short Story Collection1986The Best Mysteries of Isaac Amisov
0%
Short Story1971The Best New Thing
0%
Short Story Collection1973The Best of Isaac Asimov
0%
Short Story Collection1975The Best of Isaac Asimov 1939-1952
0%
Short Story Collection1977The Best of Isaac Asimov 1954-1972
0%
Short Story Collection1986The Best Science Fiction of Isaac Amisov
0%
Short Story Collection1976The Bicentennial Man and Other Stories
0%
Novelette1944The Big and the Little
0%
Novelette1967The Billiard Ball
0%
Short Story1940The Callistan Menace
0%
Novelette1951The C-Chute
0%
Short Story1983The Christmas Solution
0%
Novella1993The Consort
0%
Short Story1992The Critic on the Hearth
0%
Short Story1976The Cross of Lorraine
0%
Short Story1974The Curious Omission
0%
Novel1952The Currents of Space
0%
Novelette1956The Dead Past
0%
Novel1958The Death Dealers
0%
Novelette1952The Deep
0%
Short Story1982The Dim Rumble
0%
Short Story1978The Disappearing Man
0%
Short Story Collection1985The Disappearing Man and Other Mysteries
0%
Short Story1974The Dream
0%
Short Story1984The Driver
0%
Short Story1957The Dust of Death
0%
Novelette1956The Dying Night
0%
Short Story Collection1972The Early Asimov or, Eleven Years of Trying
0%
Writings Collection1985The Edge of Tomorrow
0%
Short Story1948The Endochronic Properties of Resublimated Thiotimoline
0%
Short Story1989The Envelope
0%
Short Story1984The Evil Drink Does
0%
Novelette1950The Evitable Conflict
0%
Short Story1986The Eye of the Beholder
0%
Novelette1987The Fable of the Three Princes
0%
Short Story1976The Family Man
0%
Short Story1983The Favorite Place
0%
Short Story1958The Feeling of Power
0%
Short Story1987The Fights of Spring
0%
Short Story1990The Four-Leaf Clover
0%
Short Story1985The Fourth Homonym
0%
Short Story1951The Fun They Had
0%
Short Story1957The Gentle Vultures
0%
Short Story1980The Good Samaritan
0%
Short Story1972The Greatest Asset
0%
Short Story1991The Guest's Guest
0%
Short Story1990The Haunted Cabin
0%
Short Story1942The Hazing
0%
Short Story1974The Heavenly Host
0%
Short Story1968The Holmes-Ginsbook Device
0%
Short Story1942The Imaginary
0%
Short Story1954The Immortal Bard
0%
Short Story1989The Instability
0%
Short Story1984The Intrusion
0%
Short Story1974The Iron Gem
0%
Novelette1966The Key
0%
Short Story1977The Key Word
0%
Short Story Collection1977The Key Word and Other Mysteries
0%
Short Story1980The Last Answer
0%
Short Story1981The Last Shuttle
0%
Short Story2002The Last Story
0%
Short Story1955The Last Trump
0%
Short Story1982The Library Book
0%
Short Story1975The Life and Times of Multivac
0%
Short Story1950The Little Man on the Subway
0%
Short Story1975The Little Things
0%
Short Story1990The Lucky Piece
0%
Short Story1974The Lullaby of Broadway
0%
Short Story1961The Machine That Won the War
0%
Short Story1989The Mad Scientist
0%
Short Story1983The Magic Umbrella
0%
Short Story1940The Magnificent Possession
0%
Short Story1985The Man in the Park
0%
Short Story1965The Man Who Made the 21st Century
0%
Novelette1952The Martian Way
0%
Short Story Collection1955The Martian Way and Other Stories
0%
Short Story1957The Marvellous Properties of Thiotimoline
0%
Novelette1942The Mayors
0%
Short Story1980The Men Who Wouldn't Talk
0%
Short Story1956The Message
0%
Short Story1986The Mind's Construction
0%
Short Story1977The Missing Item
0%
Short Story1953The Monkey's Finger
0%
Novella1945The Mule
0%
Short Story1995The Nations in Space
0%
Short Story1978The Next Day
0%
Short Story1976The Next Frontier?
0%
Short Story1973The Obvious Factor
0%
Short Story1987The Old Purse
0%
Short Story1975The One and Only East
0%
Short Story1954The Pause
0%
Short Story1982The Phoenician Bauble
0%
Short Story1973The Pointing Finger
0%
Short Story1955The Portable Star
0%
Novel1992The Positronic Man
0%
Short Story1968The Proper Study
0%
Short Story1951The Psychohistorians
0%
Short Story1988The Quiet Place
0%
Short Story1990The Recipe
0%
Short Story1984The Redhead
0%
Novelette1949The Red Queen's Race
0%
Short Story Collection2003The Return of the Black Widowers
0%
Short Story1983There Was a Young Lady
0%
Short Story1941The Secret Sense
0%
Short Story1982The Sign
0%
Short Story1955The Singing Bell
0%
Short Story1988The Smile of the Chipper
0%
Short Story1982The Smile That Loses
0%
Short Story1986The Snatched Purse
0%
Short Story1983The Speck
0%
Short Story1977The Sports Page
0%
Short Story1982The Super Runner
0%
Short Story1955The Talking Stone
0%
Short Story1980The Telephone Number
0%
Short Story1984The Ten-Second Election
0%
Short Story1976The Tercentenary Incident
0%
Short Story1981The Thin Line
0%
Short Story1977The Thirteenth Day of Christmas
0%
Short Story1981The Thirteenth Page
0%
Short Story1982The Three Goblets
0%
Short Story1974The Three Numbers
0%
Short Story1990The Time Traveler
0%
Short Story1944The Traders
0%
Short Story1985The Twins
0%
Short Story1988The Two-Centimeter Demon
0%
Short Story1976The Ultimate Crime
0%
Short Story1976The Unabridged
0%
Short Story1958The Up-to-Date Sorcerer
0%
Short Story1956The Watery Place
0%
Short Story1942The Weapon
0%
Short Story1939The Weapon Too Dreadful to Use
0%
Short Story1982The Winds of Change
0%
Short Story Collection1983The Winds of Change and Other Stories
0%
Short Story1976The Winnowing
0%
Short Story1980The Woman in the Bar
0%
Short Story1984The Wrong House
0%
Short Story1980The Year of the Action
0%
Short Story1977Think!
0%
Short Story1973Thiotimoline to the Stars
0%
Short Story Collection1967Through a Glass, Clearly
0%
Short Story1942Time Pussy
0%
Short Story1989Too Bad!
0%
Novelette1983To Tell at a Glance
0%
Short Story1979To the Barest
0%
Short Story1982To the Victor
0%
Short Story1989To Your Health
0%
Short Story1939Treads
0%
Short Story1985Triple Devil
0%
Short Story1977True Love
0%
Short Story1972Truth to Tell
0%
Short Story1981Twelve Years Old
0%
Short Story1982Two Women
0%
Short Story1985Unique Is Where You Find It
0%
Short Story1959Unto the Fourth Generation
0%
Short Story1942Victory Unintentional
0%
Novelette1970Waterclap
0%
Short Story1952What If-
0%
Short Story1961What Is This Thing Called Love?
0%
Short Story1956What's in a Name
0%
Short Story1980What Time Is It?
0%
Short Story1974When No Man Pursueth
0%
Short Story1986Where Is He?
0%
Short Story1982Which Is Which?
0%
Short Story1990Wine Is a Mocker
0%
Short Story1984Writing Time
0%
Short Story1972Yankee Doodle Went to Town
0%
Short Story1990Yes, But Why?
0%
Novelette1952Youth
0%
Short Story1986Zip Code
0%

Score Distribution

Percentile by Number Answered

Percent of People with Each Score

Your Score History

You have not taken this quiz